Reglamento de libros genealógicos y de comprobación de rendimiento lacteo (Record no. 125881)

MARC details
000 -LEADER
campo de control de longitud fija 00857nam a2200181 4500
001 - NÚMERO DE CONTROL
campo de control 125881
003 - IDENTIFICADOR DE NÚMERO DE CONTROL
campo de control ES-MaACL
005 - FECHA Y HORA DE LA ÚLTIMA TRANSACCIÓN
campo de control 20250811063218.0
007 - CAMPO FIJO DE DESCRIPCIÓN FÍSICA--INFORMACIÓN GENERAL
campo de control de longitud fija t|
008 - DATOS DE LONGITUD FIJA--INFORMACIÓN GENERAL
campo de control de longitud fija 070214s1933 sp r ||||1| spa d
110 1# - ENTRADA PRINCIPAL--NOMBRE DE ENTIDAD CORPORATIVA
Nombre de entidad corporativa o nombre de jurisdicción como elemento de entrada España.
Unidad subordinada Dirección General de Ganadería e Industrias Pecuarias
9 (RLIN) 3740
245 10 - MENCIÓN DEL TÍTULO
Título Reglamento de libros genealógicos y de comprobación de rendimiento lacteo
Resto del título : aprobado por Orden de 23 de marzo de 1933.
260 ## - PUBLICACIÓN, DISTRIBUCIÓN, ETC.
Lugar de publicación, distribución, etc. Madrid :
Nombre del editor, distribuidor, etc. [s. n.],
Fecha de publicación, distribución, etc. 1933 (
Fabricante Imp. Viuda de M. de Navarro)
300 ## - DESCRIPCIÓN FÍSICA
Extensión 124 p. :
Otras características físicas il. ;
Dimensiones 24 x 17 cm.
500 ## - NOTA GENERAL
Nota general Precede al tít.: Ministerio de Agricultura... Sección de Fomento Pecuario, Investigación y Contratación --- En la cub.: Anexos e instrucciones para el servicio --- Orden publicada en la Gaceta de 29 de marzo de 1933.
852 ## - LOCALIZACIÓN
Ubicación ES-MaACL
Número de control de estantería 1782-F-18
Holdings
Estatus retirado Estado de pérdida Estado de daño No para préstamo Colección Biblioteca de origen Biblioteca actual Ubicación en estantería Fecha de adquisición Fuente de adquisición Total de préstamos Signatura topográfica completa Código de barras Visto por última vez Precio de reemplazo Tipo de ítem Koha
        Colección de folletos Biblioteca del Ateneo de Madrid Biblioteca del Ateneo de Madrid Depósito folletos 17/01/2008     1782-F-18 1131127 23/02/2023 23/02/2023 Folleto